Can you guess the rappers' songs? - Statistics

General Stats
  • This quiz has been taken 256 times
  • The average score is 8 of 10
Answer Stats
Songs' name Rapper % Correct
God's Plan Drake
97%
Mockingbird Eminem
93%
HUMBLE. Kendrick Lamar
92%
In da club 50 Cent
91%
Ni**as in Paris JAY-Z, Kanye West
91%
BUTTERFLY EFFECT Travis Scott
81%
EARFQUAKE Tyler, the Creator
79%
All eyes on me 2pac
70%
Hope XXXTENTACION
68%
Bodak yellow Cardi B
66%
No matching quizzes found
Score Distribution
Percent of People with Each Score
Percentile by Number Answered
Your Score History
You have not taken this quiz